| Tag |
First Indicator |
Second Indicator |
Subfields |
| LEADER |
00000cam a2200000 4500 |
| 001 |
in00000076276 |
| 005 |
20151008052647.0 |
| 008 |
750122s1953 dk 00000 eng u |
| 010 |
|
|
|a 54028387
|
| 035 |
|
|
|a (OCoLC)01148634
|
| 035 |
|
|
|9 AAH4347AM
|
| 040 |
|
|
|c OSU
|d TXA
|d UtOrBLW
|
| 041 |
1 |
|
|a eng
|a und
|
| 049 |
|
|
|a TXAM
|c [477756]
|
| 050 |
0 |
0 |
|a PN5282
|b .T523
|
| 092 |
|
|
|a 078.9
|b T522n
|
| 100 |
1 |
|
|a Thorsen, Svend,
|d 1895-1971.
|
| 245 |
1 |
0 |
|a Newspapers in Denmark /
|c [Rev. and abridged by Hakon Stangerup and Einar Poulsen. Translation by Sigurd Mammen].
|
| 264 |
|
1 |
|a Copenhagen :
|b Danske selskab,
|c 1953.
|
| 300 |
|
|
|a 171 pages :
|b illustrations ;
|c 24 cm.
|
| 336 |
|
|
|a text
|b txt
|2 rdacontent
|
| 337 |
|
|
|a unmediated
|b n
|2 rdamedia
|
| 338 |
|
|
|a volume
|b nc
|2 rdacarrier
|
| 490 |
1 |
|
|a Danish information handbooks
|
| 650 |
|
0 |
|a Press
|z Denmark.
|
| 830 |
|
0 |
|a Danish information handbooks.
|
| 999 |
|
|
|a MARS
|
| 999 |
f |
f |
|s 43f3157d-6805-370c-9961-20eb86d49e08
|i 4d52d955-1013-39f3-a1f1-95ba69bec6cf
|t 0
|
| 952 |
f |
f |
|p ric
|a Texas A&M University
|b Rellis Campus
|c Joint Library Facility
|d Remote Storage
|t 0
|e PN5282 .T523
|h Library of Congress classification
|i unmediated -- volume
|m A14800503005
|
| 998 |
f |
f |
|a PN5282 .T523
|t 0
|l Remote Storage
|